书目信息 |
| 题名: |
生态建设与改革发展
|
|
| 作者: | 张建龙 主编 | |
| 分册: | ||
| 出版信息: | 北京 中国林业出版社 2017 |
|
| 页数: | 192页 | |
| 开本: | 29cm | |
| 丛书名: | ||
| 单 册: | ||
| 中图分类: | F326.2 | |
| 科图分类: | ||
| 主题词: | 林业经济--经济发展--研究报告--中国--2016--lin ye jing ji | |
| 电子资源: | ||
| ISBN: | 978-7-5038-8755-0 | |
| 000 | 01088nam0 2200265 450 | |
| 001 | 012001000725 | |
| 005 | 20140106155705.0 | |
| 010 | @a978-7-5038-8755-0@dCNY128.00 | |
| 099 | @aCAL 012018080953 | |
| 100 | @a20180628d2017 ekmy0chiy50 ea | |
| 101 | 0 | @achi |
| 102 | @aCN@b110000 | |
| 105 | @ay z 000yy | |
| 106 | @ar | |
| 200 | 1 | @a生态建设与改革发展@Asheng tai jian she yu gai ge fa zhan@e2016林业重大问题调查研究报告@d= Reform and development@eresearch reports on China's major forestry issues@f张建龙主编@zeng |
| 210 | @a北京@c中国林业出版社@d2017 | |
| 215 | @a192页@d29cm | |
| 510 | 1 | @aReform and development@eresearch reports on China's major forestry issues@zeng |
| 517 | 1 | @a林业重大问题调查研究报告@Alin ye n she da wen ti diao cha yan jiu bao gao |
| 517 | 1 | @a2016林业重大问题调查研究报告@A2016 lin ye n she da wen ti diao cha yan jiu bao gao |
| 606 | 0 | @a林业经济@x经济发展@x研究报告@y中国@z2016@Alin ye jing ji |
| 690 | @aF326.2@v4 | |
| 701 | 0 | @a张建龙@AZhang Jian Long@4主编 |
| 801 | 0 | @aCN@b北京卓展文化@c20191020 |
| 905 | @b1200890-2@dF326.2@e193@f3 | |
| 生态建设与改革发展:2016林业重大问题调查研究报告= Reform and development:research reports on China's major forestry issues/张建龙主编.-北京:中国林业出版社,2017 |
| 192页;29cm |
| ISBN 978-7-5038-8755-0:CNY128.00 |
| ● |
| 相关链接 |
|
|
|
|
正题名:生态建设与改革发展
索取号:F326.2/193
 
预约/预借
| 序号 | 登录号 | 条形码 | 馆藏地/架位号 | 状态 | 备注 |
| 1 | 1200890 | 212008904 | 第一样本阅览室/ [索取号:F326.2/193] | 在馆 | |
| 2 | 1200891 | 212008913 | 第一借阅区/ [索取号:F326.2/193] | 在馆 | |
| 3 | 1200892 | 212008922 | 第一借阅区/ [索取号:F326.2/193] | 在馆 |